000 00388nam a2200145Ia 4500
008 210210b1983 xxu||||| |||| 00| 0 eng d
082 _a539.702 IROP
100 _aIRODOV (I E).
245 _aProblems in atomic & nuclear physics.
260 _aMoscow
_bMir Publishers
_c1983
300 _a253
650 _aProblems Atomic Nuclear Physics
690 _aAtomic Physics
906 _a041444
999 _c91356
_d91356